000 00542nam a2200193Ia 4500
005 20250508164710.0
008 008 250505s9999 xx 000 0 eng d
037 _aTextual
040 _aFEDL
_beng
_cFEDL
041 _aeng
_2eng
084 _a378.1, MOR
_qFEDL
100 _aMorley Louise
_9778898
245 0 _aQuality and power in higher education
260 _aEngland
_bSRHE and Open University Press
_c2003
300 _axiii,200p.
546 _aPhotocopy
942 _cTEXL
_h378.1, MOR
999 _c1390630
_d1390630